header

Textbook of clinical gastroenterology and hepatology (Record no. 246136)

MARC details
000 -LEADER
fixed length control field 01684nam a2200385 a 4500
082 04 - DEWEY DECIMAL CLASSIFICATION NUMBER
Classification number 616.3/3
245 00 - TITLE STATEMENT
Title Textbook of clinical gastroenterology and hepatology
250 ## - EDITION STATEMENT
Edition statement 2nd ed.
260 ## - PUBLICATION, DISTRIBUTION, ETC. (IMPRINT)
Place of publication Chichester [England] :
Name of publisher Wiley-Blackwell,
Year of publication 2012.
300 ## - PHYSICAL DESCRIPTION
Number of Pages xxv, 1246 p. :
Other physical details col. ill.
500 ## - GENERAL NOTE
General note Rev. ed. of: Clinical gastroenterology and hepatology / editors, Wilfred M. Weinstein, C.J. Hawkey, Jaime Bosch. 2005.
505 0# - FORMATTED CONTENTS NOTE
Formatted contents note pt. 1. Symptoms, syndromes, and scenarios -- pt. 2. Diseases of the gut and liver -- pt. 3. Primer of diagnostic methods -- pt. 4. Primer of treatments.
650 #0 - SUBJECT ADDED ENTRY--TOPICAL TERM
Topical Term Gastroenterology.
Topical Term Digestive organs
Topical Term Hepatology.
700 1# - ADDED ENTRY--PERSONAL NAME
Personal name Hawkey, C. J.
856 40 - ELECTRONIC LOCATION AND ACCESS
Uniform Resource Identifier http://site.ebrary.com/lib/rucke/Doc?id=10540933

No items available.

© 2026 Rongo University
Contact us: librarian | system librarian | Rongo university